LEADER 00445naa a2200133 i 4500 001 000000320922 003 CaOOAMICUS 005 20180831173335.0 008 180831n it u000 u ita u 013 $a31141 040 $aSeMil$bita 245 10$a"Troppo tenera è la carne". 773 0 $tTecnofilosofia.$dMilano ; Udine : Mimesis, 2000.$kMillepiani$z88-8483-004-4$gp.167-181$w()221960 996 $6245$a"Troppo tenera è la carne"$9(OLS)http://semarc/title/394480 LEADER 01302nam a2200265 4500 001 000000360403 003 CaOOAMICUS 005 20241021140224.0 008 241021s2007 it a 000 u ita r 020 $a978-88-7970-332-1 040 $aSeMil$bita 245 03$aLa croce dipinta dell'abbazia di Rosano :$bvisibile e invisibile : studio e restauro per la comprensione /$ca cura di Marco Ciatti, Cecilia Frosinini e Roberto Bellucci. 264 1$aFirenze :$bEdifir,$c2007. 300 $a206 p. :$bill. ;$c28 cm 650 4$aRignano sull'Arno - Rosano - Monastero di Santa Maria.$0(OLS)http://semarc/subject/56524 700 1 $aCiatti, Marco.$0(OLS)http://semarc/name/56210 700 1 $aBellucci, Roberto.$0(OLS)http://semarc/name/120758 700 1 $aFrosinini, Cecilia.$0(OLS)http://semarc/name/120757 850 $aSeMil 852 $aSeMil$W1$xVenegono$y1$m3P IV 506$j251814$B251426$CSeMilBibl$Z2$F251426 $81 961 $aBuzzi mons. Franco - Omaggio 996 $6020$a978-88-7970-332-1$9(OLS)http://semarc/number/301603 996 $6245$aLa croce dipinta dell'abbazia di Rosano :$bvisibile e invisibile : studio e restauro per la comprensione$9(OLS)http://semarc/title/450909 996 $6264$aFirenze :$bEdifir$9(OLS)http://semarc/publisher/62043